Países da Europa com Mapa Vazio - Statistics

Estatísticas Gerais
  • Esse quiz foi jogado 643 vezes
  • A pontuação média é 40 de 45
Respostas no mapa
Respostas codificadas por cores de uma escala verde-vermelha no mapa do quiz de acordo com a % correta abaixo.
 
Estatísticas das Respostas
País % Correto
Espanha
98%
Portugal
97%
Alemanha
96%
França
96%
Itália
95%
Rússia
95%
Suíça
94%
Reino Unido
93%
Suécia
93%
Finlândia
92%
Grécia
92%
Bélgica
91%
Bielorrússia
91%
Croácia
91%
Noruega
91%
Polônia
91%
Ucrânia
91%
Albânia
90%
Andorra
90%
Dinamarca
90%
Eslováquia
90%
Estônia
90%
Islândia
90%
Países Baixos
90%
Eslovénia
89%
Irlanda
89%
Letónia
89%
Lituânia
89%
Luxemburgo
89%
Áustria
88%
Vaticano
88%
Romênia
87%
Bósnia e Herzegovina
86%
Hungria
86%
Sérvia
86%
Kosovo
85%
República Checa
85%
Mônaco
84%
Bulgária
83%
Macedônia do Norte
83%
Moldávia
82%
Malta
81%
Montenegro
81%
San Marino
81%
Liechtenstein
78%
Nenhum quiz correspondente encontrado
Distribuição das Pontuações
Porcentagem de Pessoas com Cada Pontuação
Percentil de Números Respondidos
Sua Pontuação Histórica
Você não jogou esse quiz